Víťazstvo nad tromi korunkami prvý ročník Veľkej ceny Slovenska basketbalistov

Bibliographic Details
Main Author: Nejezchleb, Richard (Author)
Format: Article
Language:Slovak
PhysicalDescription:Tab.
ISSN:0139-7001
Subjects:

MARC

LEADER 00000nab a2200000 a 4500
001 vtls000875545
003 SK-MaSNL
005 20260302161742.0
008 180206c2004 xo 0 slo
015 |a SNBRB2004/06-17954 
035 |a CLN000227097 
040 |a SNKBUCL  |b slo  |c SNKBUCL  |e AACR2 
041 0 |a slo 
044 |a xo  |c SK 
080 |a 796.323.2.093.1(437.6)  |2 UDC-MRF-SK2 
100 1 |a Nejezchleb, Richard  |4 aut  |9 273882 
245 1 0 |a Víťazstvo nad tromi korunkami  |b prvý ročník Veľkej ceny Slovenska basketbalistov  |c Richard Nejezchleb 
300 |b Tab. 
611 1 7 |a Veľká cena Slovenska v basketbale mužov  |d 2004  |c Myjava, Slovensko  |2 snkbucl  |9 860157 
650 0 7 |a basketbal  |x muži  |2 snkbucl  |9 840658 
655 7 |a články z novín a časopisov  |2 snkbucl  |9 267496 
773 0 |x 0139-7001  |t Šport  |g Roč. 58, č. 135 (12.6.2004), s. 4 
850 |a Slovenská národná knižnica v Martine 
852 |a SNK  |b KIS3GCP 
958 |a RBX 
999 |c 1378286  |d 1380216